| 000 | 00478cam a2200193ua 4500 | ||
|---|---|---|---|
| 020 | _c8.00 | ||
| 041 |
_ahin _h |
||
| 082 |
_a891.54 _bMAH/PR |
||
| 100 | _aMahavir, Adhikari . | ||
| 245 |
_aPrasad ka jeevan-darshan: Kala aur krititva / _cMahavir Adhikari. _hTextual Documents |
||
| 250 |
_a1 / _b. |
||
| 260 |
_a : _bAtmaram and Sons , _c1955. |
||
| 300 | _a398 ; . | ||
| 365 | _a8.00 | ||
| 504 | _a | ||
| 942 | _cBK | ||
| 999 |
_c8214 _d8214 |
||